| 000 | 00578nam a2200169 i 4500 | ||
|---|---|---|---|
| 001 | 59594 | ||
| 003 | ES-MaACL | ||
| 007 | t| | ||
| 008 | 031029s1947 sp ||||1| spa d | ||
| 100 | 0 |
_aElst, Joseph van der, _cBarón _947105 |
|
| 245 | 1 | 3 |
_aEl último florecimiento de la Edad Media / _cpor José van der Elst ; [traducido por Mariano Antonio Barrenechea]. |
| 260 |
_aBuenos Aires : _bPeuser, _c1947. |
||
| 300 |
_a222 p., 107 lám. ; _c31 cm. |
||
| 700 | 1 |
_aBarrenechea, Mariano Antonio. _925911 |
|
| 852 |
_aES-MaACL _jG-4889 _bR.29124 |
||
| 999 |
_c59594 _d59594 |
||